00558nam a2200145Ia 4500008004100000024006100041082001800102100006500120245001700185260002600202600002700228650003300255856010700288999001700395260210s9999 xx 000 0 und d a10B-174-EE, 10B-182-EE, 10B-0183-EE & 10B-184-EE a629.83072 AFT aAftab-e-Ali, Manzoor Hussain, Sanaullah Amur & Irfan Ali 0aSegway Buraq aKarachi:bUITU,c2010 aElectronic Engineering aBachelor of Engineering (BE) uhttps://drive.google.com/file/d/1oLDm3FQToBbMVFKc3q_djpNkUIT-Ae6E/view?usp=sharingyClick Here for PDF c33080d33080